Southville International School and Colleges
Your cart is empty.
  • Cart
  • Lists
    Public lists Eva Luna New books Lux_list list_1
    Your lists Log in to create your own lists
  • Log in to your account
  • Your cookies
  • Search history
Southville International School and Colleges
  • Advanced search
  • Recent comments
  • Most popular
  • Libraries

Log in to your account

Log in with GOOGLE


If you do not have an external account, but do have a local account, you can still log in:

  1. Home
  2. MARC view: Sidetracked home executives :
Normal view MARC view ISBD view

Sidetracked home executives : (Record no. 9875)

[ view plain ]
MARC details
000 -LEADER
fixed length control field 00858cam a2200277 a 4500
001 - CONTROL NUMBER
control field 4678429
003 - CONTROL NUMBER IDENTIFIER
control field OSt
005 - DATE AND TIME OF LATEST TRANSACTION
control field 20140310182143.0
008 - FIXED-LENGTH DATA ELEMENTS--GENERAL INFORMATION
fixed length control field 810312s1981 nyua 000 0 eng
010 ## - LIBRARY OF CONGRESS CONTROL NUMBER
LC control number 81004622
020 ## - INTERNATIONAL STANDARD BOOK NUMBER
International Standard Book Number 0446978841 :
Terms of availability $7.95
040 ## - CATALOGING SOURCE
Original cataloging agency DLC
Transcribing agency DLC
Modifying agency DLC
050 00 - LIBRARY OF CONGRESS CALL NUMBER
Classification number TX 158
Item number .Y62 1977
082 00 - DEWEY DECIMAL CLASSIFICATION NUMBER
Classification number HS 640
Item number Y8 1981
100 1# - MAIN ENTRY--PERSONAL NAME
Personal name Young, Pam
Fuller form of name (Pamela I.)
9 (RLIN) 15376
245 10 - TITLE STATEMENT
Title Sidetracked home executives :
Remainder of title from pigpen to paradise /
Statement of responsibility, etc Pam Young and Peggy Jones.
260 ## - PUBLICATION, DISTRIBUTION, ETC. (IMPRINT)
Place of publication, distribution, etc New York :
Name of publisher, distributor, etc Warner Books,
Date of publication, distribution, etc c1977.
300 ## - PHYSICAL DESCRIPTION
Extent 157 p. :
Other physical details ill. ;
Dimensions 22 cm.
650 #0 - SUBJECT ADDED ENTRY--TOPICAL TERM
Topical term or geographic name as entry element Home economics.
9 (RLIN) 15377
650 #0 - SUBJECT ADDED ENTRY--TOPICAL TERM
Topical term or geographic name as entry element Housewives
General subdivision Time management.
9 (RLIN) 15378
700 1# - ADDED ENTRY--PERSONAL NAME
Personal name Jones, Peggy
Fuller form of name (Peggy A.)
9 (RLIN) 15379
700 1# - ADDED ENTRY--PERSONAL NAME
Personal name Rozen, Sydney Craft.
9 (RLIN) 15380
906 ## - LOCAL DATA ELEMENT F, LDF (RLIN)
a 7
b cbc
c orignew
d 1
e ocip
f 19
g y-gencatlg
942 ## - ADDED ENTRY ELEMENTS (KOHA)
Source of classification or shelving scheme Library of Congress Classification
Koha item type
Holdings
Withdrawn status Lost status Source of classification or shelving scheme Damaged status Home library Current library Shelving location Date acquired Total Checkouts Full call number Barcode Date last seen Copy number Price effective from Koha item type
    Library of Congress Classification   Luxembourg Library Luxembourg Library High School Section 08/29/2013   TX 158 .Y62 1977 10923 08/29/2013 1 08/29/2013 Books

Sidetracked home executives :

APA

Young P., Jones P. & Rozen S. C. (1977). Sidetracked home executives. New York: Warner Books.

Chicago

Young Pam, Jones Peggy and Rozen Sydney Craft. 1977. Sidetracked home executives. New York: Warner Books.

Harvard

Young P., Jones P. and Rozen S. C. (1977). Sidetracked home executives. New York: Warner Books.

MLA

Young Pam, Jones Peggy and Rozen Sydney Craft. Sidetracked home executives. New York: Warner Books. 1977.

  • Place hold
  • Print
  • Cite
  • Add to your cart (remove)
  • Save record
    BIBTEX Dublin Core MARCXML MARC (non-Unicode/MARC-8) MARC (Unicode/UTF-8) MARC (Unicode/UTF-8, Standard) MODS (XML) RIS
  • More searches
    Search for this title in:
    Other Libraries (WorldCat) Other Databases (Google Scholar) Online Stores (Bookfinder.com) Open Library (openlibrary.org)

Exporting to Dublin Core...

SOUTHVILLE LIBRARY

Southville International School and Colleges Library

1281 Tropical Ave. Cor. Luxembourg St., BF Homes International, Las Pinas City

Tel. No. 8256374 / 252358 Loc. 117/146

Powered by Koha